Most Common Names for US Counties - Statistics

General Stats
  • This quiz has been taken 53 times
  • The average score is 8 of 14
Answer Stats
# County % Correct
31+1 Washington
98%
24 Jackson
95%
24 Lincoln
91%
26 Jefferson
88%
20 Madison
77%
17 Monroe
74%
25 Franklin
63%
15 Grant
47%
16 Greene
47%
18 Union
21%
18 Clay
19%
17 Marion
19%
18 Montgomery
19%
16 Wayne
16%
No matching quizzes found
Score Distribution
Percent of People with Each Score
Percentile by Number Answered
Your Score History
You have not taken this quiz